000 00639cam a2200205 a 4500
001 1966423
005 20250716155627.0
008 881118s1989 miu b 001 0 eng
020 _a0801009553
020 _a9780801009556
050 0 0 _aBS2615.2
_b.B66 1989
082 0 0 _a226/.506/088289
_219
100 1 _aBowman, Robert M.
245 1 0 _aJehovah's Witnesses, Jesus Christ, and the Gospel of John /
_cRobert M. Bowman, Jr.
260 _aGrand Rapids, Mich. :
_bBaker Book House,
_cc1989.
300 _a171 p. ;
_c22 cm.
500 _aIncludes indexes.
650 0 _aJehovah's Witnesses
_xControversial literature.
942 _2lcc
_cBK
_n0
999 _c7003
_d7003